Экзогенные дислокации четвертичной толщи в районе озера Маракуль (Хакасия); Известия Томского политехнического института [Известия ТПИ]; Т. 297 : Геология

Bibliografiske detaljer
Parent link:Известия Томского политехнического института [Известия ТПИ]/ Томский политехнический институт (ТПИ).— , 1944-1976
Т. 297 : Геология.— 1975.— [С. 10-13]
Hovedforfatter: Иванкин Г. А. Георгий Алексеевич
Andre forfattere: Ярошинский Е. В.
Summary:Заглавие с титульного листа
Электронная версия печатной публикации
Рассматриваются современные экзогенные пликативные и дизъюнктивные дислокации четвертичной толщи Карышской аккумулятивной равнины. На Марекульском участке встречены площадки твердой поверхности, возвышающиеся над болотами. Они ограничены трещинами и окружены вытянутыми в плане неширокими, но местами сравнительно глубокими озерами. Образование котловин этих озер обязано экзогенным сбросам и грабенам. Проявление дислокаций связывается с уплотнением болотных и озерно-болотных осадков, перекрывающих неровное дно дефляционной котловины. Неровности погребенного рельефа находят отражение также и в экзогенных пликативных структурах.
Sprog:russisk
Udgivet: 1975
Fag:
Online adgang:Черно-белая версия для предварительного просмотра
Цветная версия без потери качества
Format: MixedMaterials Electronisk Book Chapter
KOHA link:https://koha.lib.tpu.ru/cgi-bin/koha/opac-detail.pl?biblionumber=240506

MARC

LEADER 00000nla2a2200000 4500
001 240506
005 20231101231740.0
035 |a (RuTPU)RU\TPU\book\261763 
035 |a RU\TPU\book\261761 
090 |a 240506 
100 |a 20130621d1975 k y0rusy50 ca 
101 0 |a rus 
102 |a RU 
135 |a drnn ---uucaa 
181 0 |a i  
182 0 |a b 
200 1 |a Экзогенные дислокации четвертичной толщи в районе озера Маракуль (Хакасия)  |b Электронный ресурс  |f Г. А. Иванкин, Е. В. Ярошинский 
203 |a Текст  |c электронный 
215 |a 2 файла (212 Кб, 6.2 Мб) 
230 |a Электронные текстовые данные (2 файла : 212 Кб, 6.2 Мб) 
300 |a Заглавие с титульного листа 
300 |a Электронная версия печатной публикации 
330 |a Рассматриваются современные экзогенные пликативные и дизъюнктивные дислокации четвертичной толщи Карышской аккумулятивной равнины. На Марекульском участке встречены площадки твердой поверхности, возвышающиеся над болотами. Они ограничены трещинами и окружены вытянутыми в плане неширокими, но местами сравнительно глубокими озерами. Образование котловин этих озер обязано экзогенным сбросам и грабенам. Проявление дислокаций связывается с уплотнением болотных и озерно-болотных осадков, перекрывающих неровное дно дефляционной котловины. Неровности погребенного рельефа находят отражение также и в экзогенных пликативных структурах. 
337 |a Adobe Reader 
461 1 |0 (RuTPU)RU\TPU\book\200995  |t Известия Томского политехнического института [Известия ТПИ]  |f Томский политехнический институт (ТПИ)  |d 1944-1976 
463 1 |0 (RuTPU)RU\TPU\book\261758  |t Т. 297 : Геология  |v [С. 10-13]  |d 1975  |p 138 с. 
610 1 |a электронный ресурс 
610 1 |a труды учёных ТПУ 
675 |a 551.3  |v 3 
700 1 |a Иванкин  |b Г. А.  |c доцент Томского политехнического института  |c гелог, строитель, создатель геологического полигона летних учебных практик ТПУ в Хакасии  |f 1921-1998  |g Георгий Алексеевич  |2 stltpush  |3 (RuTPU)RU\TPU\pers\28332  |9 13241 
701 1 |a Ярошинский  |b Е. В. 
801 1 |a RU  |b 63413507  |c 20090320  |g PSBO 
801 2 |a RU  |b 63413507  |c 20130702  |g PSBO 
856 4 |u http://www.lib.tpu.ru/fulltext/v/Bulletin_TPU/1975/v297/03_bw.pdf  |z Черно-белая версия для предварительного просмотра 
856 4 |u http://www.lib.tpu.ru/fulltext/v/Bulletin_TPU/1975/v297/03_full.pdf  |z Цветная версия без потери качества 
942 |c CF